Statistics for France All-Time Greatest XI

Click here to take the quiz!

General Stats

  • This quiz has been taken 302 times
  • The average score is 8 of 11

Answer Stats

Player:% Correct
Thierry Henry
95%
Zinedine Zidane
95%
Fabien Barthez
86%
Michel Platini
84%
Laurent Blanc
81%
Marcel Desailly
80%
Lilian Thuram
79%
Patrick Vieira
71%
Bixente Lizarazu
61%
Eric Cantona
56%
Jean Tigana
31%

Score Distribution

Percentile by Number Answered

Percent of People with Each Score

Your Score History

You have not taken this quiz